Guia de l'estudiant : Conservatori Superior de Dansa / Institut del Teatre Conservatori Superior de Dansa / Institut del Teatre
Descripción Física:
21 cm
MARC
| LEADER | 00000nam a2200000Ia 4500 | ||
|---|---|---|---|
| 001 | 22046, 20980, 19916, 21676, 21752 | ||
| 008 | 160829s2003- xx 000 0 cat d | ||
| 080 | |a E-1-348, E-1-319, E-1-293, E-1-336, E-1-340 | ||
| 110 | 1 | |a Institut del Teatre (Barcelona, Catalunya) |9 52662 | |
| 245 | |a Guia de l'estudiant : |b Conservatori Superior de Dansa / Institut del Teatre | ||
| 260 | |a Barcelona : |b Diputació de Barcelona. Institut del Teatre, |c 2003- | ||
| 300 | |a 21 cm | ||
| 610 | 2 | 0 | |a Institut del Teatre (Barcelona, Catalunya) |x Currículums |9 53086 |
| 650 | |a Conservatori Superior de Dansa |x Currículums |9 46400 | ||
| 710 | 1 | |a Barcelona (Catalunya : Província). |b Diputació |9 52408 | |
| 866 | |a 2003 - 2004, 2006 - 2007, 2007 - 2008, 2008 - 2009, 2009 - 2010 | ||
| 901 | |a Arxiu | ||
| 942 | |n 1 | ||
| 952 | |0 0 |1 0 |4 0 |6 E1348_E1319_E1293_E1336_E1340 |7 1 |9 53191 |a Arxiu |b Arxiu |d 2016-12-01 |l 0 |o E-1-348, E-1-319, E-1-293, E-1-336, E-1-340 |p 22046, 20980, 19916, |r 2016-12-01 00:00:00 |w 2016-12-01 |y ARXIU | ||
| 999 | |c 57040 |d 57040 | ||